| 000 | 01691cam a2200445 i 4500 | ||
|---|---|---|---|
| 001 | 632 | ||
| 005 | 20231204091212.0 | ||
| 020 | _a9780545132107 | ||
| 020 | _a9780545132114 | ||
| 020 | _a9780545675499 | ||
| 040 |
_aNJQ/DLC _beng _cNJQ _erda _dDLC |
||
| 050 | 0 | 0 |
_aPZ7.B29278 _bZe 2014 |
| 082 | 0 | 4 |
_a[Fic] _223 |
| 082 | 0 | 4 |
_a813.6 _223 |
| 100 | 1 |
_aBass, Patrik Henry, _eauthor. |
|
| 245 | 1 | 4 |
_aThe zero degree zombie zone / _cPatrik Henry Bass ; illustrations by Jerry Craft. |
| 260 |
_aNew York : _bScholastic, _c2014. |
||
| 300 |
_a131 pages : _billustrations ; _c22 cm |
||
| 505 | _aM | ||
| 520 | _aFourth-grader Bakari Katari Johnson is having a really bad day--class bullies Tariq and Keisha are mad at him, his best friend Wardell has nominated him for hall monitor, a pack of ice zombies from a frozen world are demanding he return the magic ring that Keisha has, and somehow he has to find a way to save the school. | ||
| 521 |
_a730
_bLexile |
||
| 521 |
_aR
_bRaz-Plus |
||
| 650 | 0 |
_aMagic _vJuvenile fiction. |
|
| 650 | 0 |
_aRings _vJuvenile fiction. |
|
| 650 | 0 |
_aZombies _vJuvenile fiction. |
|
| 650 | 0 |
_aAfrican American children _vJuvenile fiction. |
|
| 650 | 0 |
_aBest friends _vJuvenile fiction. |
|
| 650 | 0 |
_aBullying _vJuvenile fiction. |
|
| 650 | 0 |
_aElementary schools _vJuvenile fiction. |
|
| 650 | 1 |
_aMagic _vFiction. |
|
| 650 | 1 |
_aRings _vFiction. |
|
| 650 | 1 |
_aZombies _vFiction. |
|
| 650 | 1 |
_aAfrican Americans _vFiction. |
|
| 650 | 1 |
_aBest friends _vFiction. |
|
| 650 | 1 |
_aFriendship _vFiction. |
|
| 650 | 1 |
_aBullies and bullying _vFiction. |
|
| 650 | 1 |
_aSchools _vFiction. |
|
| 906 |
_a7 _bcbc _corignew _d1 _eecip _f20 _gy-gencatlg |
||
| 942 |
_2ddc _cBK _n0 |
||
| 999 |
_c632 _d632 |
||